Los Angeles Lakers Players With Retired Numbers - Statistics

General Stats
  • This quiz has been taken 211 times
  • The average score is 8 of 10
Answer Stats
Number Answer % Correct
8 / 24 Kobe Bryant
100%
33 Kareem Abdul-Jabbar
96%
32 Magic Johnson
92%
34 Shaquille O'Neal
92%
44 Jerry West
88%
13 Wilt Chamberlain
81%
42 James Worthy
79%
22 Elgin Baylor
67%
25 Gail Goodrich
40%
52 Jamaal Wilkes
31%
No matching quizzes found
Score Distribution
Percent of People with Each Score
Percentile by Number Answered
Your Score History
You have not taken this quiz